|
|
|
|
| LEADER |
00768cam a2200169 7i4500 |
| 001 |
0000002589 |
| 005 |
19991025090000.0 |
| 002 |
##000003818 |
| 020 |
0 |
0 |
|a T000003794
|
| 090 |
0 |
0 |
|a P 676.2823
|b STA
|
| 245 |
0 |
0 |
|a Stationery, office and school supplies :
|b a survey of the Netherlands and other major markets in the European community.
|
| 260 |
0 |
0 |
|a Rotterdam:
|b CBI,
|c 1993.
|
| 300 |
0 |
0 |
|a 105 p..
|
| 500 |
0 |
0 |
|a This report aims to give a description of the m arket for stationery in the Netherlands. Other information includes the role of trade fairs and magazines, EC market in total terms & per country and some practical information about export to the EC
|
| 650 |
0 |
0 |
|a Stationery trade
|
| 651 |
0 |
0 |
|a Netherlands
|
| 999 |
|
|
|a 0000004396
|b Book
|c Open shelf
|e Business Information Centre
|